Statistiques concernant Les refuges et bergeries du GR20

Cliquez ici pour prendre le quiz!

Statistiques générales

  • Ce quiz a été pris 9 fois
  • Le résultat moyen est 11 sur 26

Statistiques - réponses

HintRéponse% Correct
Gite municipalCalenzana
86%
Refuge PNRCAscu stagnu
71%
Refuge PNRCCarozzu
71%
ArrivéeConca
71%
RefugeCastel Vergio
57%
HôtelLe Vizzavona
57%
Refuge PNRCManganu
57%
Refuge GR20Vizzavona
57%
Refuge PNRCAsinau
43%
Refuge PNRCCiottulu di i mori
43%
BergerieCroci
43%
Refuge PNRCE Capanelle
43%
Refuge PNRCOnda
43%
Refuge PNRCOrtu di u piobbu
43%
Refuge PNRCPaliri
43%
Refuge PNRCPetra Piana
43%
Refuge PNRCPrati
43%
Refuge PNRCTighjettu
43%
Refuge PNRCUsciolu
43%
BergerieMatalza
29%
RelaisSan Petru di Verdi
29%
BergerieBasseta
14%
HôtelCastel di Vergio
14%
Hôtel et giteLe Chalet
14%
BergerieU Ballone
14%
BergerieVaccaghja
14%

Distribution des résultats

Percentile par nombre de réponses

% des personnes avec chaque résultat

Votre développement - résultats

Vous n’avez pas pris ce quiz